书目信息 |
| 题名: |
土地开发整理相关文件汇编
|
|
| 作者: | 国土资源部耕地保护司 编 ;土地整理中心 编 | |
| 分册: | ||
| 出版信息: | 北京 中国大地出版社 2001.06 |
|
| 页数: | 867页 | |
| 开本: | 26cm | |
| 丛书名: | ||
| 单 册: | ||
| 中图分类: | D922.309 | |
| 科图分类: | ||
| 主题词: | 法律--中国 | |
| 电子资源: | ||
| ISBN: | 7-80097-440-5 | |
| 000 | 00758nam0 2200205 45 | |
| 001 | 0439922001 | |
| 005 | 2004061011052133 | |
| 010 | @a7-80097-440-5@dCNY 180.00 | |
| 100 | @a20040610d2001 km y0chiy0120 ea | |
| 101 | 0 | @achi |
| 102 | @aCN@b110000 | |
| 200 | 1 | @a土地开发整理相关文件汇编@ATu Di Kai Fa Zheng Li Xiang Guan Wen Jian Hui Bian@f国土资源部耕地保护司,土地整理中心编@FGuo Tu Zi Yuan Bu Geng Di Bao Hu Si,Tu Di Zheng Li Zhong Xin Bian |
| 210 | @a北京@c中国大地出版社@d2001.06 | |
| 215 | @a867页@d26cm | |
| 606 | 0 | @a法律@x中国 |
| 690 | @aD922.309@v3 | |
| 701 | 0 | @a国土资源部耕地保护司@AGuo Tu Zi Yuan Bu Geng Di Bao Hu Si@4编 |
| 711 | 0 | @a土地整理中心@ATu Di Zheng Li Zhong Xin@4编 |
| 801 | 0 | @aCN@bPFT@c20040610 |
| 905 | @a安徽大学@dD922.309@eG945 | |
| 土地开发整理相关文件汇编/国土资源部耕地保护司,土地整理中心编.-北京:中国大地出版社,2001.06 |
| 867页;26cm |
| ISBN 7-80097-440-5:CNY 180.00 |
| ● |
| 相关链接 |
|
|
|
正题名:土地开发整理相关文件汇编
索取号:D922.309/G945
 
预约/预借
| 序号 | 登录号 | 条形码 | 馆藏地/架位号 | 状态 | 备注 |
| 1 | 379185 | 203791851 | 测绘与城市空间信息学院资料室/ [索取号:D922.309/G945] | 在馆 |